Blockchain Technology : From Theory To Practice (Record no. 19914)

MARC details
000 -LEADER
fixed length control field 00402nam a22001337a 4500
008 - FIXED-LENGTH DATA ELEMENTS--GENERAL INFORMATION
fixed length control field 230215b |||||||| |||| 00| 0 eng d
020 ## - INTERNATIONAL STANDARD BOOK NUMBER
ISBN 978-981-19-1487-4
100 ## - MAIN ENTRY--AUTHOR NAME
Personal name Tanwar, S.
Fuller form of name Sudeep
245 ## - TITLE STATEMENT
Title Blockchain Technology : From Theory To Practice
260 ## - PUBLICATION, DISTRIBUTION, ETC. (IMPRINT)
Place of publication Singapore
Name of publisher Springer
Year of publication 2022
300 ## - PHYSICAL DESCRIPTION
Number of Pages 408
440 ## - SERIES STATEMENT/ADDED ENTRY--TITLE
Title Studies in Autonomic, Data-driven and Industrial Computing
942 ## - ADDED ENTRY ELEMENTS (KOHA)
Source of classification or shelving scheme Dewey Decimal Classification
Koha item type Books
Holdings
Accession Number Bill Date Source of acquisition Price effective from Koha item type Withdrawn / writtenoff status Damaged status Not for loan Permanent Location Current Location Shelving location Date acquired Lost/ Missing status department
BE 24788 13-02-2023 ABD, Jammu 02/15/2023 Books     Not For Loan MIET Library, Jammu MIET Library, Jammu 113/3 02/13/2023   BE
BE 24789 20-02-2023 ABD, Jammu 02/27/2023 Books     Not For Loan MIET Library, Jammu MIET Library, Jammu 113/3 02/20/2023   BE